000 01005nam a2200325 a 4500
001 000016670
003 DO-SdBNP
005 20171103105058.0
007 000016670
008 100309s2004 dr 000 j spa d
020 _a9993479160
040 _aBPMSU
_bspa
_cBPMSU
092 _aRD863.44
_bM516e
100 1 _aMejía, Amable
245 1 0 _aEntre familia /
_cAmable Mejía.
260 _aSanto Domingo :
_bPerla,
_c2004.
300 _a77 p. ;
_c21 cm.
650 4 _aCUENTOS DOMINICANOS
650 4 _aLITERATURA DOMINICANA
700 1 _aCastillo Javier, Gerardo,
_eed.
910 _aValidado. Control de calidad BNPHU
930 1 _lBND01
_mLF1
_820140205
_f01
_pHD
_g42673
942 _2ddc
_cBK
945 _aTitulo remanejado para la BNPHU
956 _aSARMENTERO
_b10
_c20100309
_lBND01
_h1152
956 _aNMORDAN
_b10
_c20100511
_lBND01
_h0934
956 _aMGARCIA
_b10
_c20100825
_lBND01
_h1552
956 _aMMOLINA
_b40
_c20110719
_lBND01
_h1347
956 _aVMATEO
_b10
_c20150309
_lBND01
_h00151
999 _c7577
_d7577